Filosofía de la física

Guardat en:
Dades bibliogràfiques
Autor principal: Bunge, Mario (Autor)
Format: Llibre
Idioma:espanyol
Publicat: Barcelona Ariel 1978
Col·lecció:Ciencia de la Ciencia, 1
Matèries:
Etiquetes: Afegir etiqueta
Sense etiquetes, Sigues el primer a etiquetar aquest registre!

MARC

LEADER 00000nam a2200000 a 4500
001 UCZ2239
003 CL-VaPUC
008 950926e19780000SP |||||||||||||||||spa|d
020 |a 8434480018 
082 0 4 |a 530.01  |b BUN  |2 21 
100 0 |a Bunge, Mario  |e author  |9 346019 
245 1 0 |a Filosofía de la física 
300 |a 301 p 
942 |c BK 
945 |d 19950926 00:00:00  |a lriquelm 
260 |a Barcelona  |b Ariel  |c 1978 
650 0 |a Filosofía de las ciencias  |9 256466 
650 7 |a AXIOMAS  |2 CL-VaPUC  |9 346020 
650 0 |a Física   |9 227844 
583 |a last modification  |c 20121001 10:34:14  |k Rodrigo Vera 
490 0 |a Ciencia de la Ciencia, 1 
999 |c 238877  |d 238875 
952 |0 0  |1 0  |4 0  |6 530_010000000000000_BUN_1978  |7 0  |8 P  |9 249457  |a BIBEDU  |b BIBEDU  |c BIBEDU_PB  |d 2019-11-18  |i 1566490  |o 530.01 BUN 1978  |p 1566490  |r 2024-01-25  |w 2019-11-18  |y BK  |k FIL 
952 |0 0  |1 0  |4 0  |6 530_010000000000000_BUN_1978  |7 0  |8 P  |9 249458  |a BIBEDU  |b BIBEDU  |c BIBEDU_PB  |d 2019-11-18  |i 1569716  |o 530.01 BUN 1978  |p 1569716  |r 2024-01-25  |w 2019-11-18  |y BK  |k FIL 
952 |0 0  |1 0  |4 0  |6 530_010000000000000_BUN_1978  |7 0  |8 A  |9 249459  |a BIBCUR  |b BIBCUR  |d 2019-11-18  |i 4528271  |l 5  |o 530.01 BUN 1978  |p 4528271  |r 2025-05-05  |s 2025-04-21  |w 2019-11-18  |y BK  |k FIS